00000000nam##2200000za#4500
0019.692895
003CaOODSP
00520210624233423
007cr |||||||||||
008150407|2009||||xxc|||||o    f|0| 0 eng|d
020 |a978-1-100-14319-4
040 |aCaOODSP|beng
043 |an-cn---
0861 |aHS64-9/2009E-PDF
1101 |aCanada.|bHuman Resources and Skills Development Canada. |bStrategic Policy and Research Branch.
24510|aSummative evaluation of the Opportunities Fund for Persons with Disabilities : |h[electronic resource]|bfinal report
260 |aGatineau - Quebec : |bHuman Resources and Skills Development Canada. |cMay 2008.
300 |a102p.|bfigs., graphs, tables
590 |a13-05-Supp|b2013-02-27
69007|aPersons with disabilities|2gcpds
77508|tÉvaluation sommative du Fonds d'intégration pour les personnes handicapées : |w(CaOODSP)9.637103
85640|ahttp://publications.gc.ca|qPDF|s436 KB|uhttps://publications.gc.ca/collections/collection_2013/rhdcc-hrsdc/HS64-9-2009-eng.pdf
986 |aSP-AH-923-11-09E